000 00516nam a2200169 i 4500
001 34912
003 ES-MaACL
005 20250820063024.0
007 t|
008 030211s1952 sp ||||1| cat d
100 1 _aBota Totxo, Miquel,
_d1920-2005
_9152450
245 1 0 _aVorera de mar
_b: poesies /
_cMiguel Bota Totxto.
260 _a[S.l. :
_bs.n.,
_c1952] (
_ePalma de Mallorca :
_fImp. Mossen Alcover)
300 _a75 p. ;
_c16 cm.
852 _aES-MaACL
_j1940-F-2
_bR.32705
999 _c34912
_d34912